Flagi stolic - Europa - Statystyki

Ogólne statystyki
  • Ten quiz został rozwiązany 9 razy
  • Średni wynik to 9 z 53
Statystyki odpowiedzi
Obrazkowy Odpowiedź % Poprawnych
Kopenhaga
75%
Londyn
75%
Warszawa
75%
Amsterdam
50%
Berlin
50%
Budapeszt
50%
Lizbona
50%
San Marino
50%
Ateny
25%
Bratysława
25%
Dublin
25%
Helsinki
25%
Kijów
25%
Kiszyniów
25%
Mińsk
25%
Moskwa
25%
Paryż
25%
Praga
25%
Ryga
25%
Rzym
25%
Sztokholm
25%
Tallinn
25%
Watykan
25%
Wilno
25%
Andora
0%
Belgrad
0%
Berno
0%
Bruksela
0%
Bukareszt
0%
Douglas
0%
Gibraltar
0%
Komrat
0%
Longyearbyen
0%
Lublana
0%
Luksemburg
0%
Madryt
0%
Monako
0%
Oslo
0%
Podgorica
0%
Prisztina
0%
Reykjavík
0%
Saint Helier
0%
Saint Peter Port
0%
Sarajewo
0%
Skopje
0%
Sofia
0%
Thorshavn
0%
Tirana
0%
Tyraspol
0%
Vaduz
0%
Valletta
0%
Wiedeń
0%
Zagrzeb
0%
Nie znaleziono quizów pasujących do podanych kryteriów
Rozkład punktacji
Procent ludzi z każdym wynikiem
Percentyl według liczby udzielonych odpowiedzi
Twoja historia wyników
Nie rozwiązałeś tego quizu